MLB Baseball Single Season Doubles by Franchise - Statistics

General Stats
  • This quiz has been taken 108 times
    65 since last reset
  • The average score is 14 of 30
Answer Stats
Team Answer 2B Year % Correct
Houston Astros Craig Biggio 56 1999
89%
Colorado Rockies Todd Helton 59 2000
84%
San Diego Padres Tony Gwynn 49 1997
84%
Arizona Diamondbacks . Luis Gonzalez 52 2006
78%
New York Yankees Don Mattingly 53 1986
76%
Cincinnati Reds Frank Robinson/Pete Rose 51 1962/1978
73%
Los Angeles Dodgers Freddie Freeman 59 2023
67%
San Francisco Giants Jeff Kent 49 2001
67%
Los Angeles Angels Garret Anderson 56 2002
64%
Detroit Tigers Hank Greenberg 63 1934
62%
Pittsburgh Pirates Paul Waner 62 1932
60%
Seattle Mariners Alex Rodriguez 54 1996
58%
Toronto Blue Jays Carlos Delgado 57 2000
58%
Philadelphia Phillies Chuck Klein 59 1930
58%
St. Louis Cardinals Joe Medwick 64 1936
56%
Chicago White Sox Albert Belle 48 1998
44%
Oakland Athletics Al Simmons 53 1926
42%
Kansas City Royals Hal McRae 54 1977
42%
Texas Rangers Michael Young 52 2006
42%
Baltimore Orioles Brian Roberts 56 2009
36%
Boston Red Sox Earl Webb 67 1931
29%
Atlanta Braves Hugh Duffy 51 1894
24%
Miami Marlins Miguel Cabrera 50 2006
24%
Chicago Cubs Billy Herman 57 1935/1936
11%
Milwaukee Brewers Lyle Overbay/ Jonathan Lucroy 53 2004/2014
11%
Minnesota Twins Mickey Vernon 51 1946
9%
Tampa Bay Rays Aubrey Huff 47 2003
7%
Washington Nationals Mark Grudzielanek 54 1997
7%
New York Mets Bernard Gilkey 44 1996
2%
Cleveland Indians George Burns 64 1926
2%
No matching quizzes found
Score Distribution
Percent of People with Each Score
Percentile by Number Answered
Your Score History
You have not taken this quiz since the last reset